00640 2200217 4500001002100000005001500021035002000036007000300056008004100059020002200100082001200122084001800134100001600152245012900168250001900297260003800316300002900354990001300383990001300396990001300409INLIS00000000000836020251219010738 a0010-0322000379ta251219 g 0 ind  a978-602-313-069-6 a370.152 a370.152 ZAI p0 aZAINAL AQIB1 aPENELITIAN TINDAKAN KELAS SMP/MTs :bPendidikan Aama Islan, Bahasa Indonesia, Pendidikan kewarganegaraan, DLL /cZAINAL AQIB aCetakan 1 2017 aYogyakarta :bAR-RUS MEDIA,c2017 a484 Hal :bIlus ;c24 Cm a022.7719 a022.7720 a022.7721